| 000 | 00841nam a2200217Ia 4500 | ||
|---|---|---|---|
| 999 |
_c39935 _d39935 |
||
| 001 | 6541 | ||
| 003 | GE_BSU | ||
| 005 | 20191015172556.0 | ||
| 008 | 181216s1961||||ge |||||||||||||| ||g || | ||
| 040 | _cGE_BSU | ||
| 041 | _ageo | ||
| 080 | _a821.353.1-1 ბ-56 | ||
| 100 |
_aბერულავა, ხუტა _93945 |
||
| 245 |
_aსიყვარული შენი... : _bლექსები / _cხუტა ბერულავა ; რედ. რ. ორჯონიკიძე. |
||
| 264 |
_aთბილისი : _bსაბჭ.საქართველო ; _c1961. |
||
| 300 |
_a194 გვ. ; _c18 სმ. |
||
| 653 | _aსიყვარული შენი... | ||
| 653 | _aლექსები | ||
| 700 |
_aრ.ორჯონიკიძე. რ. _eრედაქტორი _94735 |
||
| 942 |
_cBK _2udc |
||